CLASS:y all songs - Statistics

General Stats
  • This quiz has been taken 8 times
  • The average score is 10 of 18
Answer Stats
Hint Answer % Correct
Class Is Over Shut Down
100%
Lives Across Classy
88%
New Festa Classy
88%
Target Target
88%
Lives Across Same Same Different
75%
Day & Night Zealous
75%
Japanese digital single Crack-Crack-Crackle
63%
Day & Night Tick Tick Boom
63%
Summer Vacation Project Vol.4 Can I Call It Love
50%
Digital single My Love
50%
Lives Across Divin' Into You
38%
Class Is Over Feelin' So Good
38%
New Festa In Summer
38%
Class Is Over Super Cool
38%
Lives Across Surprise
38%
Class Is Over Tell Me One More Time
38%
Class Is Over Up
38%
2nd Digital single Winter Bloom
38%
No matching quizzes found
Score Distribution
Percent of People with Each Score
Percentile by Number Answered
Your Score History
You have not taken this quiz